000
00298nam a22001337a 4500
008
171123b xxu||||| |||| 00| 0 eng d
020
_a
013322273
041
_a
eng
080
_a
37
100
_a
46
101
_a
EDU
245
_a
THE FLEXIBLE ELEMENTARY SCHOOL
_c
MURRAY.E.M
942
_2
udc
_c
BK
999
_c
38316
_d
38316